000 00421nam a2200157Ia 4500
008 240729s9999 xx 000 0 und d
022 _a2217-8171
245 0 _aSanamed
260 _aSerbia
260 _bAssociation of medical doctors Sanamed Novi Pazar
650 _a Medicine (General)
650 _aMedicine
856 _uhttps://doaj.org/toc/8d92ad237562482a9701db161f0ad556
942 _2ddc
942 _cDOAJEJ
999 _c67498
_d67498
945 _a1
_bMadushi Gamage
_c1
_dMadushi Gamage